| 000 | 00838nam a2200265 a 4500 | ||
|---|---|---|---|
| 005 | 20191224041838.0 | ||
| 008 | 160108b2007 ck abo fr|||| 001 0 spa d | ||
| 020 | _a9584400772 | ||
| 040 |
_aCO-BoIAVH _cCO-BoIAVH |
||
| 041 | 0 | _aspa | |
| 044 | _ack | ||
| 082 | 0 | 4 |
_a 333.9542 _bR17g |
| 100 | 1 | _aRamírez Merino, Adriana | |
| 245 | 1 | _aGuía de identificación de fauna silvestre / | |
| 260 |
_aMedellín : _bArea Metropolitana del Valle de Aburrá, _c2007. |
||
| 300 |
_a306 páginas : _bIlustraciones, mapas, fotografías ; _c24 x 13 cm. |
||
| 650 | 6 |
_aFauna silvestre _zColombia |
|
| 650 | 6 | _aMamíferos | |
| 650 | 6 | _aAves | |
| 650 | 6 | _aAnfibios | |
| 650 | 6 |
_aReptiles _zColombia |
|
| 650 | 6 | _aArtrópodos | |
| 700 | 1 | _aValencia Vélez , Fernando | |
| 942 |
_cLIBRO _2ddc _01 |
||
| 999 |
_c6622 _d6622 |
||